000 00416nam a2200157Ia 4500
008 210716s2009 xx 000 0 und d
020 _a9780070153363
041 _aeng
082 _a332.1 GURS
100 _aGurusamy, S.
245 _aIndian financial system.
250 _a2
260 _aNew Delhi
_bTata McGraw Hill Education Private Limited
_c2009
300 _axiv,624
650 _aFinancial economics(332)
999 _c206476
_d206476